Στατική και αντοχή υλικών : θεωρία, μεθοδολογία, λυμένες ασκήσεις

Αποθηκεύτηκε σε:
Λεπτομέρειες βιβλιογραφικής εγγραφής
Κύριος συγγραφέας: Πολυζάκης, Απόστολος Λ.
Μορφή: Βιβλίο
Γλώσσα:Greek
Δημοσίευση: Πτολεμαΐδα : P.H.C., c2017.
Θέματα:
Ετικέτες: Προσθήκη ετικέτας
Δεν υπάρχουν, Καταχωρήστε ετικέτα πρώτοι!

MARC

LEADER 00000cam a2200000 a 4500
001 1/113084
008 170214s2017####gr | ||| |||| ||gre||
020 |a 9789609831178 
040 |a GR-MyUa  |b gre  |c GR-MyUa  |e AACR2 
041 0 |a gre 
082 7 |a 620.112   |2 (23)  
100 1 |a Πολυζάκης, Απόστολος Λ. 
245 1 0 |a Στατική και αντοχή υλικών :   |b θεωρία, μεθοδολογία, λυμένες ασκήσεις /   |c Απόστολος Λ. Πολυζάκης.  
260 |a Πτολεμαΐδα :   |b P.H.C.,   |c c2017.  
300 |a xxvi, 820 σ. :   |b εικ. ;   |c 30 εκ.  
504 |a Βιβλιογραφία: σ. 805-806. Ευρετήριο.  
650 0 |a Statics  |x Problems, exercises, etc. 
650 0 |a Strength of materials  |v Problems, exercises, etc. 
852 |a INST  |b SYROS  |c EUDOXUS  |e 20170214  |h 620.112 ΠΟΛ  |p 005500012895  |q 005500012895  |t EDX  |y 0 
852 |a INST  |b SYROS  |c EUDOXUS  |e 20200123  |h 620.112 ΠΟΛ  |p 005500013889  |q 005500013889  |t EDX  |y 0 
920 |a Εύδοξος  |b Παραγγελία  |y Σύρος-ΤΜΣΠΣ  |z 2017-01 
920 |a Εύδοξος  |b Παραγγελία  |y Σύρος-ΤΜΣΠΣ  |z 2020-01 
970 |a Κοντού  |b Παρασκευή  |z 14/02/2017